000 00646nam a2200193Ia 4500
003 GCL
008 140319s9999 xx 000 0 ara d
040 _aGCL /
_cGCL
082 0 4 _a810.9
_bهـ ط
100 1 _aهالة فؤاد
245 1 0 _aطريق نجيب محفوظ بين الاسطورة والتصوف /
_cهالة فؤاد
250 _aالاولى
260 _aالقاهرة :
_bدار العين للنشر ،
_c2006
300 _a201 ص ؛
_c19 سم
650 0 4 _aنجيب محفوظ
650 0 4 _aالادب العربى - تاريخ ونقد
650 0 4 _aالقصص العربية - تاريخ ونقد
942 _2ddc
_cBK
999 _c9756
_d9756